Bản đồ tư duy cho trẻ thông minh = Mind maps for kids study skills

Wedi'i Gadw mewn:
Manylion Llyfryddiaeth
Prif Awdur: Buzan, Tony
Fformat: Llyfr
Iaith:Undetermined
Cyhoeddwyd: Thành phố Hồ Chí Minh Tổng hợp Thành phố Hồ Chí Minh 2013
Pynciau:
Tagiau: Ychwanegu Tag
Dim Tagiau, Byddwch y cyntaf i dagio'r cofnod hwn!
Thư viện lưu trữ: Trung tâm Học liệu Trường Đại học Cần Thơ
LEADER 00655nam a2200193Ia 4500
001 CTU_188565
008 210402s9999 xx 000 0 und d
020 |c 68000 
082 |a 371.3 
082 |b B917 
100 |a Buzan, Tony 
245 0 |a Bản đồ tư duy cho trẻ thông minh = 
245 0 |b Mind maps for kids study skills 
245 0 |c Tony Buzan; Hoài Nguyên (dịch) 
260 |a Thành phố Hồ Chí Minh 
260 |b Tổng hợp Thành phố Hồ Chí Minh 
260 |c 2013 
650 |a Teaching method,Mind maps,Phương pháp giảng dạy 
980 |a Trung tâm Học liệu Trường Đại học Cần Thơ